[Event "81st ch-St Petersburg w"]
[Site "St Petersburg RUS"]
[Date "2013.03.14"]
[Round "4"]
[White "Andreeva,Y"]
[Black "Gudkina,Zhanna"]
[Result "0-1"]
[WhiteElo "2001"]
[BlackElo "1843"]

1.d4 d5 2.c4 c6 3.Nf3 Nf6 4.Nc3 dxc4 5.a4 Bf5 6.Ne5 e6 7.f3 Bb4 8.e4 Bxe4
9.fxe4 Nxe4 10.Bd2 Qxd4 11.Qe2 Nxc3 12.bxc3 Bxc3 13.Rc1 Bxd2+ 14.Qxd2 Qxe5+
15.Be2 Na6 16.Rxc4 Qa1+ 17.Rc1 Qxa4 18.O-O Qb4 19.Qa2 Qd4+ 20.Kh1 Nb4 21.Qa5 Nd3
22.Bxd3 Qxd3 23.Qc7 O-O 24.Qxb7 c5 25.h3 c4 26.Rcd1 Rab8 27.Qxa7 Qg6 28.Qd4 Rbc8
29.Qc3 Rc7 30.Rd4 Rfc8 31.Rg4 Qh6 32.Rff4 f5 33.Rxc4 fxg4 34.Rxc7 Rxc7 35.Qxc7 Qf6
36.hxg4 Qh4+ 37.Kg1 Qxg4 38.Qc6 Kf7 39.Qd7+ Kg6 40.Qd3+ Kh6 41.Qe3+ g5 42.Qc5 Qf5
43.Qd6 g4 44.Qg3 Kg6 45.Qb8 h6 46.Qg8+ Kh5 47.Qe8+ Kh4 48.Qd8+ Qg5 49.Qd6 Qe3+
50.Kf1 e5 51.Qd1 Kg3 52.Qc2 h5 53.Qb2 h4 54.Qc2 e4 55.Qb2 Qf4+ 56.Ke1 e3
57.Kd1 Qf1+  0-1

[Event "3rd HD Bank Cup 2013"]
[Site "Ho Chi Minh City VIE"]
[Date "2013.03.19"]
[Round "1.49"]
[White "Tran Tuan Minh"]
[Black "Le,Minh Hoang"]
[Result "1-0"]
[WhiteElo "2310"]
[BlackElo "1834"]

1.d4 d5 2.c4 c6 3.Nc3 Nf6 4.Nf3 dxc4 5.a4 Bf5 6.Ne5 Nbd7 7.Nxc4 Qc7 8.g3 e5
9.dxe5 Nxe5 10.Bf4 Nfd7 11.Bg2 f6 12.O-O Nc5 13.e4 Bg6 14.Bxe5 fxe5 15.f4 exf4
16.gxf4 Rd8 17.Qe2 Nb3 18.Rad1 Bc5+ 19.Kh1 O-O 20.Ne5 Bf7 21.Bh3 Nd4 22.Qg2 Bb3
23.Rd3 Ne6 24.Rxd8 Rxd8 25.Qg3 Nd4 26.Ng4 Kh8 27.Ne3 Rf8 28.e5 g6 29.Bg2 Be6
30.Ne4 Be7 31.Ng5 Nf5 32.Nxf5 Bxf5 33.Qc3 h6 34.Ne4 Kh7 35.Ng3 Qd7 36.Qb3 Be6
37.Qc2 Kg7 38.Be4 Bd5 39.f5 gxf5 40.Bg2 Be6 41.Rd1 Qc7 42.Qc3 Kh7 43.Nh5 Rd8
44.Re1 Bg5 45.Qg3 Qe7 46.Rf1 Rf8 47.Qf2 Qf7 48.Ng3 a6 49.Qb6 Qg7 50.Qc5 Be7
51.Qd4 Bg5 52.Qd6 Qe7 53.Qd3 Qd7 54.Qc2 Kh8 55.Ne4 Qd4 56.Nd6 Qxe5 57.Nxb7 c5
58.Qxc5 Qxc5 59.Nxc5 Bc4 60.Rd1 Rc8 61.b4 Be3 62.Nb7 Bb3 63.Rf1 f4 64.Nc5 Bc4
65.Rb1 Rb8 66.Nd7 Rd8 67.Ne5 Be2 68.Nf7+ Kg7 69.Nxd8 f3 70.Bf1  1-0

[Event "3rd HD Bank Cup 2013"]
[Site "Ho Chi Minh City VIE"]
[Date "2013.03.19"]
[Round "1.15"]
[White "Dao Thien Hai"]
[Black "Le Tuan Minh"]
[Result "0-1"]
[WhiteElo "2521"]
[BlackElo "2218"]

1.d4 d5 2.c4 c6 3.Nf3 Nf6 4.Nc3 dxc4 5.a4 Bf5 6.Ne5 Nbd7 7.Nxc4 Nb6 8.Ne5 a5
9.f3 Nfd7 10.Nxd7 Nxd7 11.e4 Bg6 12.Be2 e6 13.O-O Bb4 14.Be3 O-O 15.Qb3 Qb6
16.Kh1 e5 17.Rad1 Rad8 18.Bg1 exd4 19.Rxd4 Qc7 20.f4 Nf6 21.e5 Rxd4 22.Bxd4 Ne4
23.Be3 Bf5 24.Qc4 Bxc3 25.bxc3 Rd8 26.Rc1 Qe7 27.Qb3 h5 28.Kg1 h4 29.Qb6 h3
30.g3 Rd7 31.Qb2 Nf6 32.Rd1 Ng4 33.Bb6 Rxd1+ 34.Bxd1 Qd7 35.Qe2 Nh6 36.Bb3 Bg4
37.Qc2 Be6 38.Qd1 Qc8 39.c4 Ng4 40.Qd4 Qa8 41.Bd1 g6 42.Be2 Qe8 43.Bf1 Nh6
44.Bxa5 Kh7 45.Bb6 c5 46.Bxc5 Qxa4 47.Qd3 Qa2 48.Qe2  0-1

[Event "3rd HD Bank Cup 2013"]
[Site "Ho Chi Minh City VIE"]
[Date "2013.03.21"]
[Round "4.48"]
[White "Bui,Trong Hao"]
[Black "Tran Le Dan Thuy"]
[Result "1-0"]
[WhiteElo "2108"]
[BlackElo "1895"]

1.Nf3 d5 2.d4 Nf6 3.c4 c6 4.Nc3 dxc4 5.a4 Bf5 6.e3 Na6 7.Bxc4 Nb4 8.Ne5 e6
9.O-O Bd6 10.Qe2 Ne4 11.f3 Nxc3 12.bxc3 Bxe5 13.e4 Bxd4+ 14.cxd4 Bg6 15.d5 Qe7
16.dxe6 fxe6 17.Bb2 O-O 18.Rad1 Rad8 19.Qe3 c5 20.Qc3 Nc6 21.Bxe6+ Kh8 22.Bd5 Be8
23.Rd2 b6 24.Rfd1 Nd4 25.Qa3 Nc6 26.Bc3 Qg5 27.Qb2 Ne7 28.Bb3 Rc8 29.Be6 Rc6
30.Bd7 Bxd7 31.Rxd7 Rg6 32.Qd2 Qh4 33.Qf2 Qg5 34.h4 Qh5 35.Rxe7  1-0

[Event "TCh-AUT 2012-13"]
[Site "St.Veit AUT"]
[Date "2013.03.22"]
[Round "9.6"]
[White "Postl,A"]
[Black "Kreisl,R"]
[Result "1-0"]
[WhiteElo "2259"]
[BlackElo "2419"]

1.d4 d5 2.c4 c6 3.Nf3 Nf6 4.Nc3 dxc4 5.a4 Bf5 6.Ne5 Nbd7 7.Nxc4 Qc7 8.g3 e5
9.dxe5 Nxe5 10.Bf4 Nfd7 11.Bg2 f6 12.O-O g5 13.Ne3 Be6 14.Bxe5 Nxe5 15.Qc2 O-O-O
16.a5 a6 17.Ne4 Be7 18.b4 h5 19.Rfc1 h4 20.b5 axb5 21.a6 b6 22.Qb2 b4 23.f4 gxf4
24.gxf4 h3 25.Bh1 Rhg8+ 26.Ng3 Bc5 27.Rxc5 bxc5 28.fxe5 fxe5 29.Qc2 e4 30.Qxe4 Rxg3+
31.hxg3 Qxg3+ 32.Kf1 Rf8+ 33.Bf3 Bd5 34.Nxd5 Qg2+ 35.Ke1 Qg1+ 36.Kd2 Qxa1
37.Qe6+ Kb8 38.Qd6+  1-0

[Event "AICF KIIT Cup 2013"]
[Site "Bhubaneswar IND"]
[Date "2013.03.23"]
[Round "8"]
[White "Girya,O"]
[Black "Paehtz,E"]
[Result "1-0"]
[WhiteElo "2440"]
[BlackElo "2487"]

1.d4 d5 2.c4 c6 3.Nf3 Nf6 4.Nc3 dxc4 5.a4 Bf5 6.e3 e6 7.Bxc4 Bb4 8.O-O Nbd7
9.Qe2 O-O 10.e4 Bg6 11.Bd3 c5 12.Na2 Ba5 13.Bg5 Qb6 14.Rab1 c4 15.Bc2 h6
16.Bh4 Rac8 17.Nc3 Bb4 18.Rfd1 Qa5 19.Na2 Be7 20.Nc3 Bb4 21.Na2 Be7 22.d5 Bc5
23.dxe6 fxe6 24.Nc3 Bb4 25.e5 Bxc2 26.exf6 Bxd1 27.Qxe6+ Rf7 28.Rxd1 Qb6
29.Qg4 Bxc3 30.bxc3 Re8 31.fxg7 Qe6 32.Qd4 Ne5 33.Nxe5 Qxe5 34.Qxc4 Qe4 35.Qxe4 Rxe4
36.Bg3 Rd7 37.Rb1 Kxg7 38.a5 Ra4 39.Be5+ Kf7 40.f4 Rxa5 41.Kf2 b5 42.Ke3 a6
43.g4 Ra2 44.h4 Rh2 45.h5 Rg2 46.Ra1 Ra7 47.Kf3 Rd2 48.Bd4 Ra8 49.g5 a5 50.g6+ Kg8
51.f5 Rxd4 52.cxd4 a4 53.f6 a3 54.d5 Ra6 55.d6 Rxd6 56.f7+ Kg7 57.Rxa3 Rd8
58.Re3 Kf8 59.Kf4 b4 60.Kf5 Rb8 61.Kf6 Rb6+ 62.Re6  1-0

[Event "Norwegian Open 2013"]
[Site "Fagernes NOR"]
[Date "2013.03.24"]
[Round "4"]
[White "Lie,T"]
[Black "Lindblom,R"]
[Result "0-1"]
[WhiteElo "1610"]
[BlackElo "1884"]

1.d4 d5 2.c4 c6 3.Nc3 Nf6 4.Nf3 dxc4 5.a4 Bf5 6.e3 e6 7.Bxc4 Bb4 8.O-O O-O
9.Bd3 Bg6 10.Bxg6 hxg6 11.Qc2 Nbd7 12.Nd2 e5 13.dxe5 Nxe5 14.Nde4 Qe7 15.Nxf6+ Qxf6
16.Qe4 a5 17.Na2 Bd6 18.Rb1 Rfe8 19.Qc2 Qh4 20.f4 Ng4 21.g3 Qe7 22.h3 Nxe3
23.Bxe3 Qxe3+ 24.Qf2 Qb3 25.Nc3 Qc4 26.Qf3 Bc5+ 27.Kh1 Re3 28.Qg2 Rae8 29.h4 Qe6
30.Kh2 b5 31.axb5 cxb5 32.Qd5 Re2+ 33.Qg2 Rxg2+ 34.Kxg2 b4 35.Na4 Qc6+ 36.Kh3 Qxa4
37.Kh2 Re2+ 38.Rf2 Rxf2+  0-1

[Event "ch-SRB w 2013"]
[Site "Pirot SRB"]
[Date "2013.03.25"]
[Round "3"]
[White "Nonkovic,B"]
[Black "Eric,J"]
[Result "0-1"]
[WhiteElo "2052"]
[BlackElo "2240"]

1.d4 d5 2.c4 c6 3.Nf3 Nf6 4.Nc3 dxc4 5.a4 Bf5 6.Ne5 e6 7.g3 Bb4 8.Bg2 Nbd7
9.Nxc4 Be4 10.O-O Bxg2 11.Kxg2 Nb6 12.Ne5 a5 13.Qd3 O-O 14.e4 Qe7 15.Bg5 h6
16.Be3 Rfd8 17.Ne2 Nbd7 18.Nxd7 Rxd7 19.Qc2 Ng4 20.Bf4 c5 21.h3 Nf6 22.Be5 cxd4
23.Bxd4 e5 24.Bc3 Rc8 25.Rfd1 Rdc7 26.Qd3 Rc4 27.f3 Bxc3 28.bxc3 Qe8 29.Qc2 Qc6
30.Rdb1 Nd7 31.Rb5 b6 32.Rab1 h5 33.h4 g6 34.R1b2 Kg7 35.Qd1 Rc5 36.Qd3 Rxb5
37.axb5 Qe6 38.Rd2 Nc5 39.Qd6 a4 40.Qxe6 fxe6 41.Ra2 Rd8 42.Kf2 Rd3 43.Ra3 Kf6
44.Nc1 Rd2+ 45.Ke3 Rb2 46.Nd3 Rxb5 47.Nb4 Ra5 48.c4 Ra8 49.Nc6 Rc8 50.Na7 Rd8
51.Ke2 Rd4 52.Rc3 Nb3 53.Nc8 Rd2+ 54.Ke3 Rb2 55.Nxb6 a3 56.Na4 a2 57.Nxb2 a1=Q
58.Rxb3 Qe1+ 59.Kd3 Qxg3 60.Ke2 Qg2+ 61.Kd1 g5 62.hxg5+ Kxg5 63.Ke1 h4 64.Nd1 h3
65.Nf2 h2 66.Rc3 h1=Q+ 67.Nxh1 Qxh1+ 68.Kd2 Qg2+ 69.Kc1 Qg1+ 70.Kc2 Qc5 71.Kc1 Kf4
72.Kc2 Kg3 73.Kb3 Kf2 74.Kc2 Ke2 75.Kb3 Kd1 76.Rd3+ Kc1 77.Rc3+ Kb1 78.Rd3 Qb6+
79.Ka4 Kc2 80.Ra3 Qc5 81.Ra2+ Kc3  0-1

[Event "29th Spring Festival"]
[Site "Budapest HUN"]
[Date "2013.03.26"]
[Round "8.1"]
[White "Koczo,K"]
[Black "Nagy,Ervin1"]
[Result "1/2-1/2"]
[WhiteElo "2219"]
[BlackElo "2256"]

1.d4 d5 2.c4 dxc4 3.Nf3 Nf6 4.Nc3 c6 5.a4 Bf5 6.e3 e6 7.Bxc4 Bb4 8.O-O O-O
9.Nh4 Bg6 10.Qb3 Qe7 11.Nxg6 hxg6 12.Rd1 c5 13.d5 exd5 14.Nxd5 Nxd5 15.Bxd5 Na6
16.e4 Rad8 17.Bf4 Nc7 18.Bc4 g5 19.Bg3 g6 20.Qe3 Ba5 21.f4 Rd4 22.Rxd4 cxd4
23.Qd3 Re8 24.e5 Kg7 25.f5 gxf5 26.Qxf5 Ne6 27.Rf1 Bd2 28.Bd3 Be3+ 29.Kh1 Rh8
30.Qf6+ Qxf6 31.exf6+ Kh6 32.Bc4 Kg6 33.Bd3+ Kh6 34.Bc4 Kg6  1/2-1/2

[Event "44th Marcel Duchamp"]
[Site "Buenos Aires ARG"]
[Date "2013.03.27"]
[Round "6.2"]
[White "Mayorga,N"]
[Black "Alonso,S"]
[Result "1-0"]
[WhiteElo "2284"]
[BlackElo "2521"]

1.d4 d5 2.c4 c6 3.Nf3 Nf6 4.Nc3 dxc4 5.a4 Bf5 6.Ne5 Nbd7 7.Nxc4 Qc7 8.g3 e5
9.dxe5 Nxe5 10.Bf4 Nfd7 11.Bg2 f6 12.O-O Rd8 13.Qc1 Be6 14.Ne4 Be7 15.Nxe5 Nxe5
16.Nc5 Bc8 17.b4 a5 18.bxa5 Qxa5 19.Nb3 Qb4 20.Bxe5 fxe5 21.Qe3 O-O 22.Rfc1 Be6
23.Nc5 Bxc5 24.Rxc5 Qd4 25.Qxd4 exd4 26.Be4 Ra8 27.a5 Ra7 28.f3 Rfa8 29.Ra4 g6
30.h4 Kf7 31.h5 Ke7 32.hxg6 hxg6 33.Rg5 Bf7 34.f4 Kf6 35.Kf2 Be8 36.Rc5 Ke7
37.Re5+ Kf6 38.Rxd4 Rxa5 39.Rd6+ Kg7 40.Re7+ Kf8 41.Rxb7 R5a7 42.Rf6+ Kg8
43.Bxc6 Rxb7 44.Bxb7 Ra5 45.e4  1-0

[Event "O2C Doeberl Cup Premier 2013"]
[Site "Canberra AUS"]
[Date "2013.03.28"]
[Round "2.1"]
[White "Li Chao2"]
[Black "Lane,G"]
[Result "1-0"]
[WhiteElo "2686"]
[BlackElo "2412"]

1.d4 d5 2.c4 c6 3.Nf3 Nf6 4.Nc3 dxc4 5.a4 Bf5 6.Ne5 Nbd7 7.Nxc4 Qc7 8.g3 e5
9.dxe5 Nxe5 10.Bf4 Nfd7 11.Bg2 g5 12.Ne3 gxf4 13.Nxf5 O-O-O 14.Qc2 Nc5 15.O-O fxg3
16.hxg3 a5 17.Rfe1 h5 18.b4 axb4 19.Nb5 b3 20.Qb2 cxb5 21.axb5 f6 22.Ra8+ Kd7
23.Rd1+ Ncd3 24.Rxd8+ Kxd8 25.Qxb3 Qc5 26.exd3 Ng4 27.Qd5+ Qxd5 28.Bxd5 Rh7
29.d4 Kc7 30.Bg8 Rh8 31.Be6 Kb6 32.Rb1 Ba3 33.Rb3 Bc1 34.Ne7 Ka5 35.Nd5 Rd8
36.Rb1 Bh6 37.b6 Rd6 38.Bf7 Bg7 39.Nc7 Rxd4 40.Be8 Rd8 41.Rb5+ Ka4 42.Rd5+  1-0

[Event "17th Neckar Open"]
[Site "Deizisau GER"]
[Date "2013.03.28"]
[Round "1.3"]
[White "Edouard,R"]
[Black "Von Zimmermann,G"]
[Result "1-0"]
[WhiteElo "2680"]
[BlackElo "2115"]

1.d4 d5 2.c4 c6 3.Nf3 Nf6 4.Nc3 dxc4 5.a4 Bf5 6.e3 e6 7.Bxc4 Nbd7 8.O-O Be7
9.h3 h6 10.Qe2 O-O 11.e4 Bh7 12.Rd1 Qc7 13.Bd3 e5 14.dxe5 Nxe5 15.Nxe5 Qxe5
16.f4 Qa5 17.e5 Bxd3 18.Rxd3 Nd5 19.Nxd5 cxd5 20.f5 Kh7 21.Kh2 f6 22.Qh5 Rh8
23.Rg3 Kg8 24.e6 Bf8 25.Qf7+ Kh7 26.Bxh6  1-0

[Event "Pobeskydi Open 2013"]
[Site "Frydek-Mistek CZE"]
[Date "2013.03.28"]
[Round "1"]
[White "Plat,V"]
[Black "Zasko,Grigory"]
[Result "1-0"]
[WhiteElo "2452"]
[BlackElo "2149"]

1.d4 d5 2.Nf3 Nf6 3.c4 c6 4.Nc3 dxc4 5.a4 Bf5 6.Ne5 Nbd7 7.Nxc4 Qc7 8.f3 e5
9.g3 Be6 10.e4 Bxc4 11.Bxc4 exd4 12.Qxd4 Bc5 13.Qd1 O-O-O 14.Qe2 Ne5 15.Bf4 Rhe8
16.Rd1 Rxd1+ 17.Kxd1 Qa5 18.Bxe5 Rxe5 19.f4 Re7 20.e5 Rd7+ 21.Kc2 Nd5 22.Bxd5 cxd5
23.Qb5 Qc7 24.Rd1 Qc6 25.b4 Qxb5 26.axb5 Bxb4 27.Nxd5 Bc5 28.f5 Rd8 29.Kb3 Re8
30.Kc4 Bb6 31.Re1 Kd7 32.Kd3 Bc7 33.Kd4 Bb6+ 34.Nxb6+ axb6 35.Ra1 Kc7 36.Rc1+ Kd7
37.Kd5 Rd8 38.e6+ fxe6+ 39.fxe6+ Ke7+ 40.Ke5 Rd2 41.Rc7+ Kf8 42.Rf7+ Ke8
43.Rxb7 Re2+ 44.Kd6 Rd2+ 45.Kc6 Re2 46.Rxg7 Rxe6+ 47.Kb7 h6 48.Rc7 Re2 49.h4 Re3
50.Rc6 Rxg3 51.Rxh6 Kf7 52.Kxb6 Kg7 53.Rc6 Rb3 54.Ka6 Ra3+ 55.Kb7 Rh3 56.b6 Rxh4
57.Kc7  1-0

[Event "6th Guzinskiego Mem"]
[Site "Lazy POL"]
[Date "2013.03.28"]
[Round "5.4"]
[White "Gralka,J"]
[Black "Kaczorowski,P"]
[Result "1-0"]
[WhiteElo "2240"]
[BlackElo "2053"]

1.d4 d5 2.c4 c6 3.Nf3 Nf6 4.Nc3 dxc4 5.a4 Bf5 6.e3 e6 7.Bxc4 Bb4 8.O-O O-O
9.Qe2 Nbd7 10.e4 Bg6 11.Bd3 Bh5 12.e5 Nd5 13.Nxd5 cxd5 14.Qe3 Be7 15.Bd2 Nb8
16.Ne1 Bg6 17.f4 Nc6 18.g4 Bxd3 19.Qxd3 Qb6 20.Bc3 Rac8 21.Nf3 Qb3 22.Nd2 Nb4
23.Qb5 Qc2 24.Bxb4 a6 25.Qxb7  1-0

[Event "O2C Doeberl Cup Premier 2013"]
[Site "Canberra AUS"]
[Date "2013.03.29"]
[Round "4.4"]
[White "Zhao Zong Yuan"]
[Black "Smirnov,Ant"]
[Result "1/2-1/2"]
[WhiteElo "2537"]
[BlackElo "2194"]

1.d4 d5 2.c4 c6 3.Nf3 Nf6 4.Nc3 dxc4 5.a4 Bf5 6.Ne5 e6 7.f3 Bb4 8.Kf2 Nbd7
9.Nxc4 O-O 10.e4 Bg6 11.Be3 c5 12.dxc5 Bxc5 13.Bxc5 Nxc5 14.Be2 Rc8 15.Qxd8 Rfxd8
16.Rhd1 Ne8 17.b4 Na6 18.Rxd8 Rxd8 19.Rb1 Nb8 20.b5 f6 21.b6 a6 22.Na5 Nd6
23.Na2 Be8 24.Rc1 Nd7 25.Rc7 Nxb6 26.Nxb7 Nxb7 27.Rxb7 Nxa4 28.Bc4  1/2-1/2

[Event "17th Neckar Open"]
[Site "Deizisau GER"]
[Date "2013.03.30"]
[Round "5.15"]
[White "Edouard,R"]
[Black "Hilverda,A"]
[Result "1-0"]
[WhiteElo "2680"]
[BlackElo "2321"]

1.d4 d5 2.c4 c6 3.Nf3 Nf6 4.Nc3 dxc4 5.a4 Bf5 6.e3 e6 7.Bxc4 Bb4 8.O-O O-O
9.Nh4 Bg4 10.f3 Bh5 11.g4 Nd5 12.Ng2 Bg6 13.Bd2 Nb6 14.Be2 c5 15.dxc5 Bxc5
16.a5 Nd5 17.Nxd5 Qxd5 18.b4 Rd8 19.Bc3 Be7 20.Qc1 Nd7 21.h4 Rac8 22.Qb2 Nf6
23.Nf4 Qc6 24.Rac1 h6 25.Be5 Qa4 26.Nxg6 fxg6 27.Rc4 Rxc4 28.Bxc4 Qxb4 29.Bxe6+ Kh7
30.Qxb4 Bxb4 31.Rb1 Re8 32.Bxf6 Rxe6 33.Bxg7 Bxa5 34.Rxb7 Kg8 35.Bd4 a6 36.Kf2 Rc6
37.f4 Bc7 38.Kf3 a5 39.Ke4  1-0

[Event "ch-WLS 2013"]
[Site "Cardiff WLS"]
[Date "2013.03.31"]
[Round "4.5"]
[White "Kostanjsek,Luke"]
[Black "Sands,D"]
[Result "1/2-1/2"]
[WhiteElo "1881"]
[BlackElo "2235"]

1.d4 d5 2.c4 c6 3.Nf3 Nf6 4.Nc3 dxc4 5.a4 Bf5 6.Ne5 Nbd7 7.Nxc4 Nb6 8.Ne5 a5
9.f3 Nfd7 10.Nxd7 Nxd7 11.e4 Bg6 12.Be3 Qb6 13.Qd2 e5 14.d5 Bc5 15.Bxc5 Qxc5
16.Bd3 O-O 17.Qf2 Qb4 18.O-O Nc5 19.Bc2 f6 20.Rfd1 Bf7 21.Rac1 Rfd8 22.Na2 Qb6
23.Nc3 Rac8 24.Bb1 Nd7 25.Ba2 Qxf2+ 26.Kxf2 Nc5 27.Ke3 Kf8 28.Bc4 cxd5 29.Bxd5 Bxd5  1/2-1/2

[Event "Paskturneringen Open"]
[Site "Norrkoping SWE"]
[Date "2013.03.31"]
[Round "7"]
[White "Gleizerov,E"]
[Black "Hillarp Persson,T"]
[Result "1/2-1/2"]
[WhiteElo "2546"]
[BlackElo "2527"]

1.d4 d5 2.c4 c6 3.Nf3 Nf6 4.Nc3 dxc4 5.a4 Bf5 6.e3 e6 7.Bxc4 Bb4 8.O-O O-O
9.Nh4 Nbd7 10.Nxf5 exf5 11.Bd2 Rc8 12.Ne4 Bxd2 13.Nxd2 a5 14.Qb1 g6 15.b4 Rb8
16.bxa5 Qxa5 17.Qc2 Kg7 18.Rfc1 Rfe8 19.g3 h5 20.Nf3 Ne4 21.Qb2 Ndf6 22.Ne5 Ng4
23.Nd3  1/2-1/2

[Event "Asian Juniors 2013"]
[Site "Sharjah UAE"]
[Date "2013.04.01"]
[Round "4.8"]
[White "Tran Tuan Minh"]
[Black "Ali,Rashid Ghanem"]
[Result "1-0"]
[WhiteElo "2310"]
[BlackElo "1741"]

1.d4 d5 2.Nf3 Nf6 3.c4 c6 4.Nc3 dxc4 5.a4 Bf5 6.Ne5 Nbd7 7.Nxc4 Nb6 8.e3 a5
9.Qb3 Nbd5 10.Nxd5 cxd5 11.Nb6 Rb8 12.Bb5+ Bd7 13.Nxd7 Nxd7 14.Qxd5 e6 15.Bxd7+ Qxd7
16.Qxa5 Bd6 17.O-O O-O 18.Bd2 b5 19.axb5 Rxb5 20.Qa4 Qb7 21.Bc3 Rh5 22.f4 Qe4
23.Rf3 Rh6 24.Rc1 Rg6 25.Kf2 Rh6 26.h3 Be7 27.Qc2 Qb7 28.Kg1 Rh5 29.e4 Rb5
30.Rg3 g6 31.Rf1 Qc7 32.Rgf3 Bf6 33.Qd3 Rb3 34.f5 exf5 35.exf5 Be7 36.fxg6 hxg6
37.d5 Bd6 38.Kh1 Qb8 39.Rxf7  1-0

[Event "e2e4 Gatwick Open 2013"]
[Site "Crawley ENG"]
[Date "2013.04.05"]
[Round "1"]
[White "Zhang,Anthony Y"]
[Black "Stille,A"]
[Result "1/2-1/2"]
[WhiteElo "1773"]
[BlackElo "2071"]

1.d4 d5 2.Nf3 Nf6 3.c4 c6 4.Nc3 dxc4 5.a4 Bf5 6.e3 e6 7.Bxc4 Bb4 8.O-O O-O
9.Qe2 Nbd7 10.e4 Bg4 11.e5 Nd5 12.Nxd5 cxd5 13.Bd3 Bh5 14.Qe3 Bg6 15.Ne1 Rc8
16.Bxg6 hxg6 17.Bd2 Qa5 18.Bxb4 Qxb4 19.Nd3 Qb3 20.Ra3 Qb6 21.a5 Qb5 22.Rc1 Rc4
23.g3 Rfc8 24.Rd1 R8c6 25.Raa1 Ra6 26.b4 Rac6 27.Rd2 Nb8 28.Rb1 Na6 29.Rdb2 Rc3
30.Rb3 R6c4 31.Qg5 Qe8 32.Rxc3 Rxc3 33.Nc5 Qc8 34.Nxa6 bxa6 35.b5 Qb8 36.Kg2 axb5
37.Rxb5 Qxb5  1/2-1/2

[Event "TCh-CRO II Liga 2013"]
[Site "Split CRO"]
[Date "2013.04.05"]
[Round "1.1"]
[White "Saric,Ib"]
[Black "Mimica,R"]
[Result "1-0"]
[WhiteElo "2566"]
[BlackElo "2034"]

1.d4 d5 2.c4 c6 3.Nf3 Nf6 4.Nc3 dxc4 5.a4 Bf5 6.e3 e6 7.Bxc4 Nbd7 8.O-O Be7
9.Qe2 Ne4 10.Nd2 Nxd2 11.Bxd2 O-O 12.e4 Bg6 13.Be3 h6 14.f3 Qa5 15.Rfd1 Nb6
16.Bb3 Rfd8 17.Na2 Qh5 18.Nc1 Bf8 19.Nd3 Qh4 20.Rac1 Kh8 21.a5 Nd7 22.a6 bxa6
23.Rxc6 Nb6 24.Ne5 Qf6 25.Qxa6 Bd6 26.Qa5 Bxe5  1-0

[Event "FSFMA April 2013"]
[Site "Budapest HUN"]
[Date "2013.04.06"]
[Round "1.2"]
[White "Kozak,Adam"]
[Black "Csetneki,M"]
[Result "0-1"]
[WhiteElo "2035"]
[BlackElo "1845"]

1.d4 d5 2.c4 c6 3.Nc3 Nf6 4.Nf3 dxc4 5.a4 Bf5 6.e3 e6 7.Bxc4 Bb4 8.O-O O-O
9.Qe2 Ne4 10.Na2 Bd6 11.Bd3 Bg6 12.h3 Nd7 13.Qc2 Nef6 14.e4 e5 15.Be3 Re8
16.Rfe1 Rc8 17.Rad1 Qc7 18.Nc3 a6 19.Qb1 exd4 20.Bxd4 Ne5 21.Nxe5 Bxe5 22.Bc2 Rcd8
23.Bc5 b6 24.Rxd8 Rxd8 25.Be3 b5 26.axb5 cxb5 27.Ne2 Qa5 28.Bg5 Bxb2 29.Nf4 Bc3
30.Nxg6 hxg6 31.Rf1 b4 32.f4 Rd2 33.e5 Qb6+ 34.Kh2 Qc6 35.Rg1 Bd4 36.Bb3 Rb2
37.Qxb2 Bxb2 38.exf6 Bxf6  0-1

[Event "23rd ch-SLO 2013"]
[Site "Sentjur SLO"]
[Date "2013.04.06"]
[Round "1.31"]
[White "Unuk,Laura"]
[Black "Trplan,Filip"]
[Result "1-0"]
[WhiteElo "2008"]
[BlackElo "1324"]

1.d4 d5 2.c4 c6 3.Nf3 Nf6 4.Nc3 dxc4 5.a4 Bf5 6.e3 e6 7.Bxc4 Bb4 8.O-O O-O
9.Qb3 Bxc3 10.bxc3 b6 11.Ba3 Re8 12.Ne5 Ng4 13.Nxg4 Bxg4 14.f3 Bf5 15.e4 Bg6
16.Rad1 Qc7 17.Be2 Nd7 18.c4 Nf6 19.e5 Nd7 20.f4 Rac8 21.Bd6 Qb7 22.Bf3 c5
23.Bxb7 Rcd8 24.Bc7 Nb8 25.Bxd8 Rxd8 26.dxc5 Rxd1 27.Rxd1 h6 28.c6 Nxc6 29.Bxc6 Kh7
30.Rd8 Bh5 31.Be4+ f5 32.exf6 Bg6 33.Qg3 Bxe4 34.Qxg7+  1-0

[Event "TCh-AUT 2 East 2012-13"]
[Site "Austria AUT"]
[Date "2013.04.07"]
[Round "11.1"]
[White "Zilka,S"]
[Black "Kummer,Hel"]
[Result "0-1"]
[WhiteElo "2529"]
[BlackElo "2353"]

1.d4 d5 2.Nf3 Nf6 3.c4 c6 4.Nc3 dxc4 5.a4 Bf5 6.Ne5 Nbd7 7.Nxc4 Nb6 8.Ne5 a5
9.f3 Nfd7 10.Nxd7 Nxd7 11.e4 Bg6 12.Be3 Qb6 13.Qc2 e5 14.O-O-O exd4 15.Bxd4 Bc5
16.Bxg7 Be3+ 17.Kb1 Rg8 18.Qd3 O-O-O 19.Bd4 Bxd4 20.Qxd4 Nc5 21.Qe3 Nxe4  0-1

[Event "TCh-CZE Div1 Vychod 2012-13"]
[Site "Czech Republic CZE"]
[Date "2013.04.07"]
[Round "10.1"]
[White "Velicka,P"]
[Black "Haba,P"]
[Result "1/2-1/2"]
[WhiteElo "2469"]
[BlackElo "2463"]

1.Nf3 d5 2.d4 Nf6 3.c4 c6 4.Nc3 dxc4 5.a4 Bf5 6.Nh4 e6 7.Nxf5 exf5 8.e3 Bb4
9.Bxc4 O-O 10.O-O Nbd7 11.Qc2 g6 12.f3 Rc8 13.Kh1 Qe7 14.e4 c5 15.Bg5 cxd4
16.Nd5 Qc5 17.Bxf6 Qxc4 18.Qxc4 Rxc4 19.b3 Rc3 20.Bxd4 Rxb3 21.Rab1 Rxb1
22.Rxb1 Bc5 23.Nf6+ Nxf6 24.Bxc5 Rc8 25.Bd4 Ne8 26.Rxb7 fxe4 27.Rxa7 Rc1+
28.Bg1 Nd6 29.fxe4 Nxe4 30.h3 Ng3+ 31.Kh2 Nf1+ 32.Kh1 Ng3+ 33.Kh2 Nf1+ 34.Kh1  1/2-1/2

[Event "FSGM April 2013"]
[Site "Budapest HUN"]
[Date "2013.04.08"]
[Round "3.2"]
[White "Bai,Jinshi"]
[Black "Arngrimsson,D"]
[Result "1-0"]
[WhiteElo "2295"]
[BlackElo "2392"]

1.d4 d5 2.c4 c6 3.Nf3 Nf6 4.Nc3 dxc4 5.a4 Bf5 6.Ne5 Nbd7 7.Nxc4 Nb6 8.Ne5 a5
9.Bg5 g6 10.f3 Bg7 11.e4 Be6 12.Be3 O-O 13.Be2 Nfd7 14.Nxd7 Bxd7 15.Qb3 Nc8
16.O-O Nd6 17.Rfd1 b5 18.axb5 cxb5 19.e5 b4 20.Na4 Bxa4 21.Rxa4 Nf5 22.Bf2 e6
23.f4 Qc7 24.Bf3 Rac8 25.Rda1 Rfd8 26.d5 exd5 27.Bxd5 Qc1+ 28.Rxc1 Rxc1+
29.Be1 Rxe1+ 30.Kf2 Re2+ 31.Kxe2 Nd4+ 32.Ke3 Nxb3 33.Bxb3 Ra8 34.Bd5 Ra7
35.b3 Kf8 36.Ra2 f6 37.Ke4 Ke7 38.Rc2 Kd8 39.Bc6 fxe5 40.fxe5 Re7 41.Rc5 Kc7
42.Ba4+ Kb6 43.Rc6+ Kb7 44.e6 Bf8 45.Rd6 Rc7 46.Rd8 Be7 47.Re8 Bf6 48.Kd5 Rc2
49.e7 Re2 50.Kd6 Be5+ 51.Kd7 Rc2 52.Rf8  1-0

[Event "15th Dubai Open 2013"]
[Site "Dubai UAE"]
[Date "2013.04.11"]
[Round "5.4"]
[White "Edouard,R"]
[Black "Oleksienko,M"]
[Result "1-0"]
[WhiteElo "2670"]
[BlackElo "2554"]

1.d4 d5 2.c4 c6 3.Nf3 Nf6 4.Nc3 dxc4 5.a4 Bf5 6.Ne5 Nbd7 7.Nxc4 Nb6 8.Ne5 a5
9.f3 Nfd7 10.e4 Nxe5 11.exf5 Nec4 12.Qb3 Nd6 13.g4 g6 14.Bf4 Bg7 15.O-O-O gxf5
16.Rg1 Qc7 17.gxf5 Bf6 18.Kb1 O-O-O 19.Rc1 Bxd4 20.Nb5 cxb5 21.Rxc7+ Kxc7
22.Rg4 bxa4 23.Qb5 Be3 24.Bg3 Rhg8 25.Rxg8 Rxg8 26.Qe5  1-0

[Event "15th Dubai Open 2013"]
[Site "Dubai UAE"]
[Date "2013.04.13"]
[Round "7.3"]
[White "Kuzubov,Y"]
[Black "Akopian,Vl"]
[Result "1/2-1/2"]
[WhiteElo "2619"]
[BlackElo "2704"]

1.d4 d5 2.c4 c6 3.Nf3 Nf6 4.Nc3 dxc4 5.a4 Bf5 6.Nh4 Bg4 7.h3 Bh5 8.g4 Bg6
9.Nxg6 hxg6 10.e3 e6 11.Bxc4 Nbd7 12.Bd2 Bb4 13.Qb3 a5 14.Be2 g5 15.Rd1 Qb6
16.Qc2 Nd5 17.Kf1 O-O-O 18.Bf3 Kb8 19.Bc1 Be7 20.Kg2 Nf8 21.Be4 Nf6 22.Bd3 Nd5
23.Qe2 Rh6 24.Nxd5 exd5 25.Bd2 Bb4 26.Bxb4 Qxb4 27.Qe1 Qxe1 28.Rdxe1 Ne6
29.Bf5 Kc7 30.Bxe6  1/2-1/2

[Event "FSFMA April 2013"]
[Site "Budapest HUN"]
[Date "2013.04.14"]
[Round "8.3"]
[White "Kozak,Adam"]
[Black "Steer,J"]
[Result "1-0"]
[WhiteElo "2035"]
[BlackElo "2168"]

1.d4 d5 2.c4 c6 3.Nc3 Nf6 4.Nf3 dxc4 5.a4 Bf5 6.e3 Bd3 7.Bxd3 cxd3 8.Qxd3 e6
9.Qc4 Nbd7 10.O-O Be7 11.b4 O-O 12.Rb1 Rc8 13.Rd1 Nd5 14.Na2 a6 15.a5 Re8
16.e4 N5f6 17.Nc3 Qc7 18.Be3 h6 19.h3 Red8 20.Rbc1 Qb8 21.Rb1 Qc7 22.e5 Nd5
23.Ne4 Nf8 24.Bd2 Ng6 25.g3 Kh7 26.Qc2 Rf8 27.Re1 Kg8 28.Kg2 Rfd8 29.h4 Nf8
30.Rec1 f5 31.exf6 Bxf6 32.Re1 Qf7 33.Nc5 Rc7 34.Qe4 Re7 35.Qg4 Kh7 36.Rh1 Qg6
37.Qh3 Qf5 38.Rhe1 Qxh3+ 39.Kxh3 Rde8 40.g4 g6 41.g5 hxg5 42.hxg5 Bg7 43.Re4 Kg8
44.Rbe1 Kf7 45.Nh2 Rd8 46.Ng4 Rd6 47.Nh6+ Bxh6 48.gxh6 Nh7 49.Rg1 Ndf6 50.Rh4 Rd5
51.Nd3 g5 52.Ne5+ Rxe5 53.dxe5 gxh4 54.exf6 Kxf6 55.Kxh4 Rf7 56.Kh5 Nf8 57.Bc3+ Ke7
58.Rg7 Ke8 59.Rxf7 Kxf7 60.Ba1 Nh7 61.Bg7 Nf6+ 62.Bxf6 Kxf6 63.f4  1-0

[Event "4th LUCOPEN 2013"]
[Site "Lille FRA"]
[Date "2013.04.16"]
[Round "5.4"]
[White "Pelletier,Y"]
[Black "Wirig,A"]
[Result "1/2-1/2"]
[WhiteElo "2604"]
[BlackElo "2481"]

1.Nf3 d5 2.d4 Nf6 3.c4 c6 4.Nc3 dxc4 5.a4 Bf5 6.e3 e6 7.Bxc4 Bb4 8.O-O Nbd7
9.Qe2 O-O 10.e4 Bg6 11.e5 Nd5 12.Ne4 Be7 13.a5 c5 14.Nxc5 Nxc5 15.dxc5 Rc8
16.a6 bxa6 17.Rxa6 Bxc5 18.b3 Nb4 19.Bg5 Qc7 20.Ra4 Bh5 21.Re1  1/2-1/2

[Event "ch-ESP University 2013"]
[Site "Badajoz ESP"]
[Date "2013.04.18"]
[Round "7.9"]
[White "Bendayan Claros,A"]
[Black "Beltran Garcia,R"]
[Result "1/2-1/2"]
[WhiteElo "2230"]
[BlackElo "2137"]

1.d4 d5 2.c4 c6 3.Nf3 Nf6 4.Nc3 dxc4 5.a4 Bf5 6.e3 e6 7.Bxc4 Nbd7 8.O-O Bb4
9.Qb3 a5 10.Na2 Bd6 11.Nc3 Bb4 12.Na2 Bd6 13.Nc3 Bb4  1/2-1/2